[Event "2 Bundesliga Mitte 2007/2008"]
[Site "Villach"]
[Date "2007.10.14"]
[Round "2"]
[Board "6"]
[White "Wagner, Oliver"]
[Black "Stuetz, Leopold"]
[Result "0-1"]
[WhiteElo "2134"]
[BlackElo "2195"]
[PlyCount "80"]
[EventDate "2007.10.13"]
[EventType "team"]
[EventRounds "11"]
[EventCountry "AUT"]
[WhiteTeam "SK Leoben"]
[BlackTeam "SK Sparkasse Fuerstenfeld"]

1.Nf3 c5 2.c4 Nc6 3.Nc3 g6 4.g3 Bg7 5.Bg2 Nf6 6.O-O O-O 7.d4 cxd4 8.Nxd4 Nxd4
9.Qxd4 d6 10.e4 a6 11.Re1 Be6 12.Qd3 Ng4 13.Nd5 Rc8 14.Qb3 Bxd5 15.cxd5 Bd4
16.Re2 Qb6 17.Qxb6 Bxb6 18.Bh3 h5 19.Bxg4 hxg4 20.Bh6 Rfe8 21.Rc1 Rxc1+ 22.Bxc1
Rc8 23.Be3 Bxe3 24.Rxe3 Rc2 25.Rb3 b5 26.Kf1 Kg7 27.Ke1 Kf6 28.Ra3 Rxb2 29.Rxa6
Rb4 30.Ra5 Rxe4+ 31.Kd2 Rd4+ 32.Ke3 Rxd5 33.a4 Re5+ 34.Kd3 bxa4 35.Rxa4 Kg5
36.Ra7 f5 37.h4+ gxh3 38.f4+ Kg4 39.fxe5 h2 40.exd6 exd6

[Event "2 Bundesliga Mitte 2007/2008"]
[Site "Villach"]
[Date "2007.10.14"]
[Round "2"]
[Board "1"]
[White "Supancic, Darko"]
[Black "Sommerbauer, Norbert"]
[Result "1/2-1/2"]
[WhiteElo "2372"]
[BlackElo "2474"]
[PlyCount "25"]
[EventDate "2007.10.13"]
[EventType "team"]
[EventRounds "11"]
[EventCountry "AUT"]
[WhiteTeam "Strassenbahn Graz"]
[BlackTeam "SpG VOecklabruck"]

1.d4 c5 2.c3 e6 3.Nf3 d5 4.Bf4 Bd6 5.Bg3 Nf6 6.e3 Bxg3 7.hxg3 Qe7 8.Nbd2 Nc6
9.Bd3 e5 10.Nxe5 Nxe5 11.dxe5 Qxe5 12.Qa4+ Bd7 13.Qf4

[Event "2 Bundesliga Mitte 2007/2008"]
[Site "Villach"]
[Date "2007.10.14"]
[Round "2"]
[Board "2"]
[White "Konopka, Michal"]
[Black "Pesorda, Ivan"]
[Result "1-0"]
[WhiteElo "2433"]
[BlackElo "2270"]
[PlyCount "68"]
[EventDate "2007.10.13"]
[EventType "team"]
[EventRounds "11"]
[EventCountry "AUT"]
[WhiteTeam "SpG VOecklabruck"]
[BlackTeam "Strassenbahn Graz"]

1.Nf3 Nf6 2.c4 c5 3.Nc3 Nc6 4.g3 d5 5.d4 dxc4 6.d5 Nb4 7.e4 e6 8.Bxc4 exd5
9.exd5 Bd6 10.a3 Na6 11.Qe2+ Qe7 12.Nb5 Qxe2+ 13.Kxe2 Bb8 14.Be3 Ne4 15.Rad1 Nd6
16.Nxd6+ Bxd6 17.Nd2 Bf5 18.Bxa6 bxa6 19.Nc4 Ke7 20.f3 Rhe8 21.Rd2 Rab8 22.Rc1
Rb3 23.Kf2 Rc8 24.Na5 Rd3 25.Rxd3 Bxd3 26.Nc6+ Kd7 27.b3 h5 28.a4 h4 29.Rc3 Bb1
30.Bxc5 hxg3+ 31.hxg3 Bxc5+ 32.Rxc5 Kd6 33.Rc3 Kxd5 34.Nb4+ Kd4

[Event "2 Bundesliga Mitte 2007/2008"]
[Site "Villach"]
[Date "2007.10.14"]
[Round "2"]
[Board "3"]
[White "Krebs, Johann"]
[Black "Hirneise, Tobias"]
[Result "0-1"]
[WhiteElo "2241"]
[BlackElo "2287"]
[PlyCount "84"]
[EventDate "2007.10.13"]
[EventType "team"]
[EventRounds "11"]
[EventCountry "AUT"]
[WhiteTeam "Strassenbahn Graz"]
[BlackTeam "SpG VOecklabruck"]

1.d4 Nf6 2.c4 g6 3.Nc3 Bg7 4.e4 d6 5.Be2 O-O 6.Nf3 e5 7.O-O Nc6 8.d5 Ne7 9.Ne1
Nd7 10.Be3 f5 11.f3 f4 12.Bf2 g5 13.a4 a6 14.Nd3 Rf6 15.c5 Rh6 16.Qb3 Kh8
17.Rfc1 Qe8 18.cxd6 cxd6 19.Kh1 Ng8 20.a5 Bf6 21.Qd1 Bd8 22.b4 b5 23.Ra2 Ndf6
24.Rac2 Bd7 25.Bg1 Rg6 26.Nf2 h5 27.Nb1 Nh6 28.g4 fxg3 29.hxg3 g4 30.fxg4 Nhxg4
31.Nxg4 Nxg4 32.Nd2 Rh6 33.Nf3 h4 34.Kg2 h3+ 35.Kh1 h2 36.Nxh2 Rxh2+ 37.Bxh2
Nf2+ 38.Kg2 Nxd1 39.Rxd1 Qg6 40.Bf3 Rc8 41.Rxc8 Bxc8 42.Bg1 Bg4

[Event "2 Bundesliga Mitte 2007/2008"]
[Site "Villach"]
[Date "2007.10.14"]
[Round "2"]
[Board "4"]
[White "Ennsberger, Ulrich"]
[Black "Kastner, Walter"]
[Result "1-0"]
[WhiteElo "2284"]
[BlackElo "2237"]
[PlyCount "63"]
[EventDate "2007.10.13"]
[EventType "team"]
[EventRounds "11"]
[EventCountry "AUT"]
[WhiteTeam "SpG VOecklabruck"]
[BlackTeam "Strassenbahn Graz"]

1.Nf3 d5 2.g3 Nf6 3.Bg2 e6 4.O-O b6 5.c4 Bb7 6.d4 Be7 7.Nc3 O-O 8.Ne5 Nbd7 9.Qa4
Nxe5 10.dxe5 Nd7 11.cxd5 Nc5 12.Qg4 exd5 13.Bh6 Ne6 14.Nxd5 Bxd5 15.Rfd1 Bxg2
16.Rxd8 Raxd8 17.Kxg2 Rd4 18.e4 Rfd8 19.Re1 Bb4 20.Re2 Bd2 21.Bxd2 Rxd2 22.h4
Rd1 23.f4 R8d2 24.f5 Nd4 25.Rxd2 Rxd2+ 26.Kh3 Rf2 27.Qg5 Rh2+ 28.Kg4 Nc6 29.f6
g6 30.Qh6 Nxe5+ 31.Kf4 Nd3+ 32.Ke3

[Event "2 Bundesliga Mitte 2007/2008"]
[Site "Villach"]
[Date "2007.10.14"]
[Round "2"]
[Board "5"]
[White "Steiner, Stefan"]
[Black "Hofmair, Klaus"]
[Result "1-0"]
[WhiteElo "2162"]
[BlackElo "2278"]
[PlyCount "33"]
[EventDate "2007.10.13"]
[EventType "team"]
[EventRounds "11"]
[EventCountry "AUT"]
[WhiteTeam "Strassenbahn Graz"]
[BlackTeam "SpG VOecklabruck"]

1.Nf3 Nf6 2.c4 c5 3.g3 e6 4.Bg2 d6 5.O-O Be7 6.Nc3 a6 7.d4 cxd4 8.Nxd4 O-O 9.b3
Qc7 10.Bb2 Rd8 11.Rc1 Bd7 12.Qd2 Nc6 13.Nd5 exd5 14.cxd5 Qa5 15.Bc3 Qb6 16.dxc6
bxc6 17.Ba5

[Event "2 Bundesliga Mitte 2007/2008"]
[Site "Villach"]
[Date "2007.10.14"]
[Round "2"]
[Board "6"]
[White "Gneiss, Karl"]
[Black "Kainz, Josef"]
[Result "1/2-1/2"]
[WhiteElo "2119"]
[BlackElo "1972"]
[PlyCount "139"]
[EventDate "2007.10.13"]
[EventType "team"]
[EventRounds "11"]
[EventCountry "AUT"]
[WhiteTeam "SpG VOecklabruck"]
[BlackTeam "Strassenbahn Graz"]

1.c4 e5 2.Nc3 Nf6 3.g3 d5 4.cxd5 Nxd5 5.Bg2 Nb6 6.a4 a5 7.Nf3 Nc6 8.O-O Bb4
9.Nb5 O-O 10.d4 Nxd4 11.Nbxd4 exd4 12.Nxd4 Qf6 13.e3 c6 14.Qc2 Bg4 15.Bd2 Bxd2
16.Qxd2 Rfd8 17.Rfc1 Nd5 18.Rc5 Nb4 19.Qc3 h6 20.h3 Bd7 21.Qb3 b6 22.Rcc1 Rac8
23.Qc3 c5 24.Nb5 Qg6 25.Rd1 Bxb5 26.axb5 Rd6 27.Rd2 Rcd8 28.Rad1 Rxd2 29.Rxd2
Rxd2 30.Qxd2 Qd3 31.Qxd3 Nxd3 32.b3 Kf8 33.Kf1 Ke7 34.Bd5 Ne5 35.f4 Nd7 36.Ke2
Nf6 37.Bc6 Ne8 38.Kd3 Nc7 39.Kc4 f6 40.g4 Ne6 41.h4 g5 42.fxg5 fxg5 43.hxg5 Nxg5
44.Kd5 Nf3 45.Ke4 Nd2+ 46.Kf5 Nxb3 47.Kg6 Kd6 48.Kxh6 a4 49.g5 a3 50.g6 a2 51.g7
a1=Q 52.g8=Q Qf6+ 53.Kh5 Qf5+ 54.Kh4 Qf2+ 55.Qg3+ Qxg3+ 56.Kxg3 Ke5 57.Kf3 c4
58.Ke2 Kd6 59.Kd1 Na5 60.Be8 Kc5 61.Kc2 Nb7 62.e4 Nd6 63.Bg6 Nxb5 64.Bh7 Kd4
65.Bg6 Ke5 66.Bh7 Nd6 67.Kc3 b5 68.Bg8 Nxe4+ 69.Kb4 Nd6 70.Kc3

[Event "2 Bundesliga Mitte 2007/2008"]
[Site "Villach"]
[Date "2007.10.14"]
[Round "2"]
[Board "1"]
[White "Srienz, Christian"]
[Black "Sakelsek, Tadej"]
[Result "1/2-1/2"]
[WhiteElo "2214"]
[BlackElo "2479"]
[PlyCount "34"]
[EventDate "2007.10.13"]
[EventType "team"]
[EventRounds "11"]
[EventCountry "AUT"]
[WhiteTeam "ESV ASKOE Admira Villach"]
[BlackTeam "ESV Austria Graz"]

1.c4 Nf6 2.Nc3 e6 3.e4 d5 4.e5 d4 5.exf6 dxc3 6.bxc3 Qxf6 7.Nf3 c5 8.d4 cxd4
9.Bg5 Qf5 10.cxd4 Bb4+ 11.Bd2 Qa5 12.Rb1 Bxd2+ 13.Qxd2 Qxd2+ 14.Kxd2 O-O 15.Bd3
Nd7 16.Rhc1 Rd8 17.Ke3 Rb8

[Event "2 Bundesliga Mitte 2007/2008"]
[Site "Villach"]
[Date "2007.10.14"]
[Round "2"]
[Board "2"]
[White "Langheinrich, Ferenc"]
[Black "Hafner, Robert"]
[Result "1-0"]
[WhiteElo "2421"]
[BlackElo "2132"]
[PlyCount "53"]
[EventDate "2007.10.13"]
[EventType "team"]
[EventRounds "11"]
[EventCountry "AUT"]
[WhiteTeam "ESV Austria Graz"]
[BlackTeam "ESV ASKOE Admira Villach"]

1.e4 c6 2.d4 d5 3.Nc3 dxe4 4.Nxe4 Bf5 5.Nc5 b6 6.Nb3 e6 7.Nf3 Bd6 8.g3 Ne7 9.Bg2
h6 10.O-O Nd7 11.Qe2 O-O 12.c4 Rc8 13.Be3 a5 14.a4 Bb8 15.Rfd1 Qc7 16.Bf4 Qb7
17.Bxb8 Qxb8 18.Nbd2 Nf6 19.Ne5 Rfd8 20.Ndf3 Qd6 21.c5 bxc5 22.Nc4 Qc7 23.dxc5
Rb8 24.Nfe5 Rf8 25.Rd6 Nfd5 26.Rd7 Qc8 27.Nd6

[Event "2 Bundesliga Mitte 2007/2008"]
[Site "Villach"]
[Date "2007.10.14"]
[Round "2"]
[Board "3"]
[White "Frank, Paul"]
[Black "Kotz, Heinz Peter"]
[Result "1/2-1/2"]
[WhiteElo "2201"]
[BlackElo "2357"]
[PlyCount "32"]
[EventDate "2007.10.13"]
[EventType "team"]
[EventRounds "11"]
[EventCountry "AUT"]
[WhiteTeam "ESV ASKOE Admira Villach"]
[BlackTeam "ESV Austria Graz"]

1.d4 Nf6 2.Nf3 g6 3.g3 Bg7 4.Bg2 O-O 5.O-O d6 6.c4 Nbd7 7.Nc3 e5 8.e4 a6 9.Re1
exd4 10.Nxd4 Ng4 11.h3 Qf6 12.Nf3 Nge5 13.Nd5 Qd8 14.Nxe5 dxe5 15.Be3 c6 16.Nc3
Qe7

[Event "2 Bundesliga Mitte 2007/2008"]
[Site "Villach"]
[Date "2007.10.14"]
[Round "2"]
[Board "4"]
[White "Aschenbrenner, Robert"]
[Black "Neff, Gregor"]
[Result "1-0"]
[WhiteElo "2304"]
[BlackElo "2136"]
[PlyCount "89"]
[EventDate "2007.10.13"]
[EventType "team"]
[EventRounds "11"]
[EventCountry "AUT"]
[WhiteTeam "ESV Austria Graz"]
[BlackTeam "ESV ASKOE Admira Villach"]

1.d4 e6 2.g3 Nf6 3.Bg2 d5 4.Nf3 Be7 5.c4 O-O 6.O-O c6 7.Qc2 Nbd7 8.Nbd2 b6 9.e4
Bb7 10.b3 Rc8 11.Bb2 c5 12.e5 Ne8 13.Rfd1 Nc7 14.h4 Na6 15.a3 Rc7 16.Qd3 cxd4
17.cxd5 Nac5 18.Qxd4 Bxd5 19.Qe3 b5 20.Rac1 Qa8 21.b4 Na6 22.Bf1 Qb7 23.Ng5 Rfc8
24.Rxc7 Nxc7 25.Bd3 Bxg5 26.Qxg5 Nb6 27.h5 h6 28.Qg4 a6 29.Bc1 Kh8 30.Qh4 Ne8
31.Ne4 Bxe4 32.Bxe4 Nd5 33.Qh1 Rc4 34.Bb2 Nec7 35.Qf3 Qc6 36.Bd3 Kg8 37.Bxc4
bxc4 38.Rc1 Nb5 39.a4 c3 40.axb5 cxb2 41.Rxc6 b1=Q+ 42.Kh2 axb5 43.Rc8+ Kh7
44.Qxf7 Qxb4 45.Qg8#

[Event "2 Bundesliga Mitte 2007/2008"]
[Site "Villach"]
[Date "2007.10.14"]
[Round "2"]
[Board "5"]
[White "Frank, Dieter"]
[Black "Fahrner, Kurt"]
[Result "0-1"]
[WhiteElo "2153"]
[BlackElo "2286"]
[PlyCount "68"]
[EventDate "2007.10.13"]
[EventType "team"]
[EventRounds "11"]
[EventCountry "AUT"]
[WhiteTeam "ESV ASKOE Admira Villach"]
[BlackTeam "ESV Austria Graz"]

1.e4 g6 2.d4 Bg7 3.Nc3 d6 4.Nf3 Nd7 5.Bc4 e6 6.O-O a6 7.a4 b6 8.Bg5 Ne7 9.Qd2 h6
10.Be3 Bb7 11.Rfe1 Kf8 12.Rad1 Kg8 13.Qd3 Kh7 14.Bf4 Rf8 15.h3 Qb8 16.Qe3 Qa7
17.Bd3 Rad8 18.Ne2 Qa8 19.c4 e5 20.Bg3 exd4 21.Nexd4 Rde8 22.Bc2 Nc6 23.Qf4 Nc5
24.Qh4 Nxd4 25.Nxd4 Bxe4 26.Bxe4 Rxe4 27.Rxe4 Qxe4 28.Qxe4 Nxe4 29.Kf1 Re8
30.Bf4 Nc5 31.a5 bxa5 32.Be3 a4 33.Rd2 Rb8 34.Rc2 Nd7

[Event "2 Bundesliga Mitte 2007/2008"]
[Site "Villach"]
[Date "2007.10.14"]
[Round "2"]
[Board "6"]
[White "Pfaffel, Thomas"]
[Black "Hartl, Daniel"]
[Result "1/2-1/2"]
[WhiteElo "2192"]
[BlackElo "2063"]
[PlyCount "93"]
[EventDate "2007.10.13"]
[EventType "team"]
[EventRounds "11"]
[EventCountry "AUT"]
[WhiteTeam "ESV Austria Graz"]
[BlackTeam "ESV ASKOE Admira Villach"]

1.e4 Nf6 2.e5 Nd5 3.c4 Nb6 4.d4 d6 5.exd6 exd6 6.Be3 Nc6 7.Nc3 Be7 8.Be2 O-O
9.Nf3 Bg4 10.b3 Re8 11.O-O Bf6 12.Qd2 d5 13.c5 Nc8 14.h3 Bh5 15.Rab1 Bg6 16.Rb2
N8e7 17.g4 h6 18.Bd3 Bxd3 19.Qxd3 Ng6 20.Qf5 Nce7 21.Qh5 c6 22.b4 b5 23.cxb6
axb6 24.a4 Qd6 25.g5 hxg5 26.Bxg5 Nf4 27.Bxf4 Qxf4 28.Qg4 Ng6 29.b5 Qd6 30.bxc6
Qxc6 31.Rb3 Re6 32.Rfb1 Bd8 33.Qh5 Nf4 34.Qf5 Rg6+ 35.Kh1 Nxh3 36.Ne5 Qf6
37.Qxf6 Rxf6 38.Nxd5 Nxf2+ 39.Kg2 Rd6 40.Nxb6 Bxb6 41.Rxb6 Rxb6 42.Rxb6 Ne4
43.d5 f6 44.Nc4 Rxa4 45.Rc6 Kf7 46.Rc7+ Kf8 47.d6

[Event "2 Bundesliga Mitte 2007/2008"]
[Site "Villach"]
[Date "2007.10.14"]
[Round "2"]
[Board "1"]
[White "Stevic, Hrvoje"]
[Black "Diermair, Andreas"]
[Result "1-0"]
[WhiteElo "2531"]
[BlackElo "2363"]
[PlyCount "109"]
[EventDate "2007.10.13"]
[EventType "team"]
[EventRounds "11"]
[EventCountry "AUT"]
[WhiteTeam "ZH Technologies Wolfsberg"]
[BlackTeam "SV Frauental"]

1.e4 e5 2.Nf3 Nc6 3.Bb5 a6 4.Ba4 Nf6 5.Qe2 b5 6.Bb3 Be7 7.O-O O-O 8.c3 d6 9.Rd1
Na5 10.Bc2 c5 11.d4 Qc7 12.d5 Nc4 13.b3 Nb6 14.a4 Bd7 15.a5 Nc8 16.Nbd2 Nh5
17.Nf1 Bf6 18.g3 g6 19.Bh6 Bg7 20.Bxg7 Nxg7 21.Ne3 f6 22.Nh4 Ne7 23.f4 exf4
24.gxf4 g5 25.Nhg2 Ng6 26.f5 Ne5 27.h4 Be8 28.Rf1 Qe7 29.Qf2 h6 30.Qg3 Ra7
31.Qh3 Bh5 32.Bd1 Qe8 33.hxg5 hxg5 34.Ng4 Re7 35.Nxe5 Rxe5 36.Bc2 Be2 37.Rf2 Qh5
38.Qxh5 Bxh5 39.Ne3 Rfe8 40.Re1 R5e7 41.Kg2 Bf7 42.Kf3 Nh5 43.Rh2 Nf4 44.Reh1
Bh5+ 45.Rxh5 Nxh5 46.Rxh5 Rh7 47.Ng4 Rf8 48.Rxh7 Kxh7 49.e5 dxe5 50.Ke4 Kg7
51.d6 Kf7 52.Kd5 b4 53.c4 Rc8 54.Be4 Rh8 55.Kc6

[Event "2 Bundesliga Mitte 2007/2008"]
[Site "Villach"]
[Date "2007.10.14"]
[Round "2"]
[Board "2"]
[White "Cigan, Stefan"]
[Black "Mikac, Matjaz"]
[Result "1/2-1/2"]
[WhiteElo "2367"]
[BlackElo "2390"]
[PlyCount "37"]
[EventDate "2007.10.13"]
[EventType "team"]
[EventRounds "11"]
[EventCountry "AUT"]
[WhiteTeam "SV Frauental"]
[BlackTeam "ZH Technologies Wolfsberg"]

1.e4 c5 2.Nf3 Nc6 3.d4 cxd4 4.Nxd4 Nf6 5.Nc3 e6 6.g3 Bb4 7.Bg2 d5 8.exd5 exd5
9.O-O O-O 10.Bg5 Bxc3 11.bxc3 h6 12.Bxf6 Qxf6 13.Bxd5 Rd8 14.Qf3 Qxf3 15.Bxf3
Nxd4 16.cxd4 Rxd4 17.Rfd1 Rxd1+ 18.Rxd1 Bf5 19.Bxb7

[Event "2 Bundesliga Mitte 2007/2008"]
[Site "Villach"]
[Date "2007.10.14"]
[Round "2"]
[Board "3"]
[White "Wegerer, Fred"]
[Black "Schnider, Gert"]
[Result "0-1"]
[WhiteElo "2266"]
[BlackElo "2273"]
[PlyCount "98"]
[EventDate "2007.10.13"]
[EventType "team"]
[EventRounds "11"]
[EventCountry "AUT"]
[WhiteTeam "ZH Technologies Wolfsberg"]
[BlackTeam "SV Frauental"]

1.c4 Nf6 2.e3 c5 3.Nc3 Nc6 4.a3 d5 5.cxd5 Nxd5 6.Qc2 e6 7.Nf3 Be7 8.Ne4 Qb6
9.Bc4 Nf6 10.Ng3 O-O 11.h4 Bd7 12.Ba2 Rfd8 13.b3 Na5 14.Bb2 Bb5 15.Bc3 Nc6
16.Rc1 Bd3 17.Qb2 a5 18.Ne2 a4 19.Nf4 Bf5 20.h5 axb3 21.Bxb3 Na5 22.Bd1 Qxb2
23.Bxb2 Nd5 24.Nxd5 exd5 25.a4 Nc4 26.Bc3 Bd3 27.Ne5 Nxe5 28.Bxe5 f6 29.Bc7 Rd7
30.Bb6 c4 31.a5 Bb4 32.Bg4 Rd6 33.Be2 Bxa5 34.Bxa5 Bxe2 35.Bb4 Rb6 36.Bc5 Rb5
37.Bd4 Bd3 38.h6 Rba5 39.g4 b5 40.hxg7 b4 41.Rh6 c3 42.Rxf6 Ra2 43.dxc3 b3 44.c4
dxc4 45.Rd1 Re2+ 46.Kf1 b2 47.Rh6 Rd2+ 48.Kg2 Rxd1 49.Bxb2 Rb1

[Event "2 Bundesliga Mitte 2007/2008"]
[Site "Villach"]
[Date "2007.10.14"]
[Round "2"]
[Board "5"]
[White "Waldmann, Gerald"]
[Black "Weber, Christoph"]
[Result "1/2-1/2"]
[WhiteElo "2157"]
[BlackElo "2194"]
[PlyCount "21"]
[EventDate "2007.10.13"]
[EventType "team"]
[EventRounds "11"]
[EventCountry "AUT"]
[WhiteTeam "ZH Technologies Wolfsberg"]
[BlackTeam "SV Frauental"]

1.e4 c5 2.Nf3 d6 3.d4 cxd4 4.Nxd4 Nf6 5.Nc3 g6 6.Be3 Bg7 7.f3 O-O 8.Bc4 Nc6
9.Qd2 Nd7 10.O-O-O Nb6 11.Bb3

[Event "2 Bundesliga Mitte 2007/2008"]
[Site "Villach"]
[Date "2007.10.14"]
[Round "2"]
[Board "6"]
[White "Schreiner, Peter"]
[Black "Toefferl, Heimo"]
[Result "1-0"]
[WhiteElo "2088"]
[BlackElo "2135"]
[PlyCount "109"]
[EventDate "2007.10.13"]
[EventType "team"]
[EventRounds "11"]
[EventCountry "AUT"]
[WhiteTeam "SV Frauental"]
[BlackTeam "ZH Technologies Wolfsberg"]

1.e4 e6 2.d4 d5 3.Nd2 Nc6 4.Ngf3 Nf6 5.e5 Nd7 6.c3 f6 7.exf6 Qxf6 8.Bd3 Bd6
9.Nf1 e5 10.Bg5 Qf7 11.dxe5 Ndxe5 12.Nxe5 Nxe5 13.Ng3 Nxd3+ 14.Qxd3 O-O 15.O-O
Bd7 16.Rad1 Bc6 17.Be3 a6 18.Qd2 Rad8 19.Rfe1 Be7 20.Bd4 Bb5 21.Nf5 Qxf5 22.Rxe7
Rf7 23.Rde1 Rxe7 24.Rxe7 Qb1+ 25.Re1 Qf5 26.h3 Re8 27.Rxe8+ Bxe8 28.Qe3 Qd7
29.Qe5 b6 30.b4 h6 31.f4 Bg6 32.Kh2 Qf7 33.g4 Bd3 34.Kg3 Qd7 35.a3 Qf7 36.f5 Kf8
37.Kf4 Kg8 38.h4 Kf8 39.g5 hxg5+ 40.hxg5 Kg8 41.g6 Qd7 42.Bxb6 Qd8 43.Bxc7 Qh4+
44.Ke3 Qe4+ 45.Qxe4 Bxe4 46.Kf4 Bc2 47.Bd6 Bd3 48.Ke5 Bc2 49.Be7 Bd3 50.a4 Kh8
51.Kxd5 Bxf5 52.b5 axb5 53.axb5 Bxg6 54.b6 Bh5 55.Kd6

[Event "2 Bundesliga Mitte 2007/2008"]
[Site "Trofaiach"]
[Date "2007.11.10"]
[Round "3"]
[Board "1"]
[White "Kovacevic, Blazimir"]
[Black "Diermair, Andreas"]
[Result "1/2-1/2"]
[WhiteElo "2482"]
[BlackElo "2363"]
[PlyCount "34"]
[EventDate "2007.10.13"]
[EventType "team"]
[EventRounds "11"]
[EventCountry "AUT"]
[WhiteTeam "SpG Raika Alpine Trofaiach"]
[BlackTeam "SV Frauental"]

1.c4 c6 2.Nf3 d5 3.e3 Nf6 4.Nc3 e6 5.b3 Nbd7 6.Bb2 Bd6 7.Be2 O-O 8.O-O e5 9.cxd5
Nxd5 10.Qc2 Qe7 11.Rfd1 N7f6 12.d3 Bg4 13.h3 Bh5 14.Nh2 Nxc3 15.Bxc3 Bxe2
16.Qxe2 Nd5 17.Bd2 Rfd8

[Event "2 Bundesliga Mitte 2007/2008"]
[Site "Trofaiach"]
[Date "2007.11.10"]
[Round "3"]
[Board "2"]
[White "Cigan, Stefan"]
[Black "Bukal, Vladimir Jun"]
[Result "1-0"]
[WhiteElo "2367"]
[BlackElo "2441"]
[PlyCount "69"]
[EventDate "2007.10.13"]
[EventType "team"]
[EventRounds "11"]
[EventCountry "AUT"]
[WhiteTeam "SV Frauental"]
[BlackTeam "SpG Raika Alpine Trofaiach"]

1.e4 c5 2.Nc3 d6 3.f4 a6 4.Nf3 Nc6 5.g3 g6 6.Bg2 Bg7 7.O-O e6 8.d3 Nge7 9.Be3
Nd4 10.e5 Nef5 11.Bf2 dxe5 12.Nxe5 Qc7 13.Ne4 Nd6 14.Nxd6+ Qxd6 15.c3 Nb5 16.a4
Na7 17.Nc4 Qc7 18.Qb3 Rb8 19.Qb6 Qxb6 20.Nxb6 O-O 21.Bxc5 Rd8 22.d4 Bf8 23.b4
Bxc5 24.bxc5 Bd7 25.Nxd7 Rxd7 26.Rab1 Rc7 27.Rb3 Nc6 28.Bxc6 Rxc6 29.Rfb1 Rc7
30.Rb6 Kf8 31.c6 Ke8 32.Rxb7 Rbc8 33.Rxc7 Rxc7 34.Rb8+ Ke7 35.Rb7

[Event "2 Bundesliga Mitte 2007/2008"]
[Site "Trofaiach"]
[Date "2007.11.10"]
[Round "3"]
[Board "3"]
[White "Zaja, Ivan"]
[Black "Schnider, Gert"]
[Result "1-0"]
[WhiteElo "2467"]
[BlackElo "2273"]
[PlyCount "71"]
[EventDate "2007.10.13"]
[EventType "team"]
[EventRounds "11"]
[EventCountry "AUT"]
[WhiteTeam "SpG Raika Alpine Trofaiach"]
[BlackTeam "SV Frauental"]

1.d4 Nf6 2.c4 e6 3.Nc3 Bb4 4.e3 b6 5.Nge2 Ba6 6.a3 Bxc3+ 7.Nxc3 d5 8.Qf3 c6 9.b3
O-O 10.Bb2 Bb7 11.Bd3 Nbd7 12.Qg3 Qb8 13.Qh4 Re8 14.g4 Nf8 15.g5 N6d7 16.Rg1 e5
17.cxd5 cxd5 18.Rg3 a6 19.Bf5 Ng6 20.Qg4 Ndf8 21.h4 Qd6 22.h5 Ne7 23.dxe5 Qxe5
24.Bd3 d4 25.Ne2 Nc6 26.Bxd4 Nxd4 27.Qxd4 Qa5+ 28.b4 Qa4 29.h6 Ne6 30.Qb2 Rac8
31.Nf4 Rc7 32.Nxe6 fxe6 33.g6 hxg6 34.Rxg6 e5 35.Qa2+ Kh7 36.Rxg7+

[Event "2 Bundesliga Mitte 2007/2008"]
[Site "Trofaiach"]
[Date "2007.11.10"]
[Round "3"]
[Board "4"]
[White "Raffalt, Manfred"]
[Black "Stuhlik, Marko"]
[Result "1/2-1/2"]
[WhiteElo "2153"]
[BlackElo "2252"]
[PlyCount "30"]
[EventDate "2007.10.13"]
[EventType "team"]
[EventRounds "11"]
[EventCountry "AUT"]
[WhiteTeam "SV Frauental"]
[BlackTeam "SpG Raika Alpine Trofaiach"]

1.d4 g6 2.e4 Bg7 3.Nf3 d6 4.Nc3 c6 5.a4 Nf6 6.h3 a5 7.Bd3 Na6 8.Be3 Nb4 9.Be2
O-O 10.O-O Qc7 11.Qc1 Bd7 12.Bh6 d5 13.Bxg7 Kxg7 14.e5 Ne8 15.Ne1 f6

[Event "2 Bundesliga Mitte 2007/2008"]
[Site "Trofaiach"]
[Date "2007.11.10"]
[Round "3"]
[Board "5"]
[White "Spirk, Stefan"]
[Black "Weber, Christoph"]
[Result "1/2-1/2"]
[WhiteElo "2130"]
[BlackElo "2194"]
[PlyCount "30"]
[EventDate "2007.10.13"]
[EventType "team"]
[EventRounds "11"]
[EventCountry "AUT"]
[WhiteTeam "SpG Raika Alpine Trofaiach"]
[BlackTeam "SV Frauental"]

1.c4 Nf6 2.Nf3 e6 3.g3 b6 4.Bg2 Bb7 5.O-O c5 6.d4 cxd4 7.Qxd4 Be7 8.Nc3 d6 9.e4
O-O 10.Rd1 Nc6 11.Qd3 Ne5 12.Qe2 Qc7 13.b3 a6 14.Bb2 Rfd8 15.Nd4 Nc6

[Event "2 Bundesliga Mitte 2007/2008"]
[Site "Trofaiach"]
[Date "2007.11.10"]
[Round "3"]
[Board "1"]
[White "Weiss, Christian"]
[Black "Sakelsek, Tadej"]
[Result "1/2-1/2"]
[WhiteElo "2460"]
[BlackElo "2479"]
[PlyCount "42"]
[EventDate "2007.10.13"]
[EventType "team"]
[EventRounds "11"]
[EventCountry "AUT"]
[WhiteTeam "SC Ansfelden 2"]
[BlackTeam "ESV Austria Graz"]

1.c4 Nf6 2.Nf3 e6 3.g3 d5 4.Bg2 dxc4 5.Qa4+ c6 6.Qxc4 b5 7.Qc2 Bb7 8.O-O Nbd7
9.d3 Rc8 10.Bd2 Bd6 11.Nc3 O-O 12.Ng5 Be7 13.Qb1 Nd5 14.Nf3 a6 15.Nxd5 cxd5
16.d4 Qb6 17.Qd3 h6 18.Rfc1 Rxc1+ 19.Rxc1 Rc8 20.Rxc8+ Bxc8 21.e3 Bd6

[Event "2 Bundesliga Mitte 2007/2008"]
[Site "Trofaiach"]
[Date "2007.11.10"]
[Round "3"]
[Board "2"]
[White "Kotz, Heinz Peter"]
[Black "Farago, Ivan"]
[Result "1/2-1/2"]
[WhiteElo "2357"]
[BlackElo "2504"]
[PlyCount "39"]
[EventDate "2007.10.13"]
[EventType "team"]
[EventRounds "11"]
[EventCountry "AUT"]
[WhiteTeam "ESV Austria Graz"]
[BlackTeam "SC Ansfelden 2"]

1.e4 e6 2.d4 d5 3.Nc3 Bb4 4.Nge2 dxe4 5.a3 Be7 6.Nxe4 Nc6 7.Bf4 Nf6 8.Qd3 O-O
9.O-O-O b6 10.N2c3 Nd5 11.Nxd5 exd5 12.Nc3 Be6 13.h4 Bf6 14.Nb5 Rc8 15.Qg3 Qd7
16.Bg5 Be7 17.Bh6 Bf6 18.Bg5 Be7 19.Bh6 Bf6 20.Bg5

[Event "2 Bundesliga Mitte 2007/2008"]
[Site "Trofaiach"]
[Date "2007.11.10"]
[Round "3"]
[Board "3"]
[White "Knoll, Hermann"]
[Black "Aschenbrenner, Robert"]
[Result "1-0"]
[WhiteElo "2386"]
[BlackElo "2304"]
[PlyCount "73"]
[EventDate "2007.10.13"]
[EventType "team"]
[EventRounds "11"]
[EventCountry "AUT"]
[WhiteTeam "SC Ansfelden 2"]
[BlackTeam "ESV Austria Graz"]

1.d4 Nf6 2.Nf3 g6 3.c4 Bg7 4.Nc3 d6 5.e4 Bg4 6.Be3 Nfd7 7.Qb3 Qc8 8.Ng1 Nf6 9.h3
Bd7 10.Be2 c6 11.Nf3 O-O 12.Rd1 Na6 13.O-O Nc7 14.Rfe1 b6 15.Bf1 a6 16.e5 Nfe8
17.Bf4 Ne6 18.Bg3 h6 19.d5 Nc5 20.Qc2 Bf5 21.Qd2 dxe5 22.Nxe5 cxd5 23.Nxd5 Qb7
24.Qb4 Nf6 25.Qxb6 Qxb6 26.Nxb6 Rab8 27.Nd5 Rxb2 28.Nxe7+ Kh7 29.Nxf5 gxf5
30.Nd3 Nxd3 31.Bxd3 Ne4 32.Bh4 Rxa2 33.g4 Bc3 34.Re3 Bf6 35.Bxf6 Nxf6 36.Bxf5+
Kg7 37.c5

[Event "2 Bundesliga Mitte 2007/2008"]
[Site "Trofaiach"]
[Date "2007.11.10"]
[Round "3"]
[Board "4"]
[White "Fahrner, Kurt"]
[Black "Hellmayr, Alois"]
[Result "1/2-1/2"]
[WhiteElo "2286"]
[BlackElo "2320"]
[PlyCount "33"]
[EventDate "2007.10.13"]
[EventType "team"]
[EventRounds "11"]
[EventCountry "AUT"]
[WhiteTeam "ESV Austria Graz"]
[BlackTeam "SC Ansfelden 2"]

1.g3 c5 2.Bg2 Nc6 3.c4 g6 4.Nc3 Bg7 5.Nf3 d6 6.O-O Nh6 7.a3 a5 8.Rb1 Nf5 9.d3
O-O 10.Bd2 Bd7 11.Nb5 Na7 12.a4 Nxb5 13.axb5 Qc7 14.Qb3 b6 15.Bc3 Rae8 16.e4 Nh6
17.Rbe1